[Event "Belgrade City-chT"]
[Site "Belgrade"]
[Date "2019.05.17"]
[Round "5.4"]
[White "Vlaisavljevic, Milan"]
[Black "Raickovic, Bozidar"]
[Result "1-0"]
[WhiteElo "1957"]
[BlackElo "1795"]
[PlyCount "22"]
[EventDate "2019.05.13"]
[EventType "team-swiss"]
[EventRounds "5"]
[EventCountry "SRB"]
[SourceTitle "CBM 190 Extra"]
[Source "ChessBase"]
[SourceDate "2019.07.15"]
[SourceVersion "1"]
[SourceVersionDate "2019.07.15"]
[SourceQuality "1"]
[WhiteTeam "Cukaricki"]
[BlackTeam "Jugopetrol"]
[WhiteTeamCountry "SRB"]
[BlackTeamCountry "SRB"]

1. e4 e5 2. Nf3 Nc6 3. Bb5 a6 4. Ba4 Bc5 5. c3 Qe7 6. 0-0 Nf6 7. d4 Ba7 8. Bg5 h6 9. Bh4 d6 10. h3 g5 11. Bg3 Nxe4 1-0

[Event "Belgrade Trophy 31st"]
[Site "Belgrade"]
[Date "2017.11.24"]
[Round "1"]
[White "Tosic, Miroslav"]
[Black "Vlaisavljevic, Milan"]
[Result "1-0"]
[WhiteElo "2433"]
[BlackElo "2022"]
[PlyCount "75"]
[EventDate "2017.11.24"]
[EventType "swiss"]
[EventRounds "9"]
[EventCountry "SRB"]
[SourceTitle "CBM 181 Extra"]
[Source "ChessBase"]
[SourceDate "2017.12.12"]
[SourceVersion "1"]
[SourceVersionDate "2017.12.12"]
[SourceQuality "1"]

1. d4 d5 2. c4 c6 3. Nf3 Nf6 4. Nc3 e6 5. Bg5 Be7 6. e3 Nbd7 7. Bd3 dxc4 8. Bxc4 b5 9. Bd3 a6 10. e4 c5 11. e5 cxd4 12. exf6 gxf6 13. Nxd4 fxg5 14. Be4 Ra7 15. Nxe6 fxe6 16. Qd4 0-0 17. Qxa7 Bc5 18. Qa8 Bxf2+ 19. Ke2 b4 20. Nd1 Bd4 21. Rf1 Rxf1 22. Kxf1 Nb6 23. Qb8 Qf8+ 24. Ke1 Qc5 25. Qg3 Nd7 26. Kd2 Nf6 27. Bd3 Bd7 28. Rc1 Qd5 29. Ne3 Qxa2 30. Qxg5+ Kf7 31. Nc4 Bxb2 32. Nd6+ Ke7 33. Qg7+ Kxd6 34. Qf8+ Ke5 35. Qb8+ Kd5 36. Qb7+ Ke5 37. Qc7+ Kd4 38. Qc5# 1-0

[Event "Belgrade-chT Quality"]
[Site "Belgrade"]
[Date "2016.10.16"]
[Round "6.6"]
[White "Vlaisavljevic, Milan"]
[Black "Djordjevic, Dejan P"]
[Result "1/2-1/2"]
[WhiteElo "2011"]
[BlackElo "1999"]
[PlyCount "99"]
[EventDate "2016.10.01"]
[EventType "team-tourn"]
[EventRounds "11"]
[EventCountry "SRB"]
[SourceTitle "EXT 2018"]
[Source "ChessBase"]
[SourceDate "2017.10.13"]
[SourceVersion "1"]
[SourceVersionDate "2017.10.13"]
[SourceQuality "1"]

1. e4 e6 2. d4 d5 3. e5 c5 4. c3 Qb6 5. Nf3 Bd7 6. Be2 cxd4 7. cxd4 Bb5 8. 0-0 Bxe2 9. Qxe2 Nc6 10. Rd1 Nge7 11. Nc3 a6 12. a3 Na5 13. Be3 Nc4 14. Rab1 Rc8 15. Rd3 Nf5 16. g4 Ncxe3 17. fxe3 Nh6 18. h3 Be7 19. e4 dxe4 20. Qxe4 0-0 21. Kg2 Rfd8 22. d5 f5 23. exf6 Bxf6 24. dxe6 Rxd3 25. Qxd3 Qxe6 26. Nd5 Rd8 27. Rd1 Nf7 28. b4 g6 29. Rd2 Qd6 30. Qe4 b5 31. Nf4 Qe7 32. Rxd8+ Qxd8 33. Nd5 Kg7 34. Nd4 Bxd4 35. Qxd4+ Kf8 36. Qc5+ Qd6 37. Nc7 Kg8 38. Qxd6 Nxd6 39. Nxa6 Nc4 40. Kf3 Kf7 41. Ke4 Nxa3 42. Kd5 Kf6 43. h4 h5 44. gxh5 gxh5 45. Ke4 Nc2 46. Nc7 Nxb4 47. Nxb5 Nc6 48. Kf4 Ne7 49. Nd4 Ng6+ 50. Kg3 1/2-1/2

[Event "Belgrade-chT"]
[Site "Belgrade"]
[Date "2014.11.01"]
[Round "9"]
[White "Vlaisavljevic, Milan"]
[Black "Umiljenovic, Milenko"]
[Result "0-1"]
[WhiteElo "2023"]
[BlackElo "2091"]
[PlyCount "84"]
[EventDate "2014.10.04"]
[EventType "team-tourn"]
[EventRounds "13"]
[EventCountry "SRB"]
[SourceTitle "EXT 2015"]
[Source "ChessBase"]
[SourceDate "2014.11.20"]
[SourceVersion "1"]
[SourceVersionDate "2014.11.20"]
[SourceQuality "1"]

1. e4 c6 2. d4 d5 3. e5 Bf5 4. f4 e6 5. Bd3 Nh6 6. Nf3 c5 7. c3 Nc6 8. Bxf5 Nxf5 9. g4 Nh4 10. Be3 Ng2+ 11. Kf2 Nxe3 12. Kxe3 Be7 13. Nbd2 0-0 14. g5 cxd4+ 15. cxd4 Qb6 16. Qb3 Qa6 17. a3 Rfc8 18. Rhc1 Na5 19. Qd3 Nc4+ 20. Nxc4 dxc4 21. Qe4 b5 22. Nd2 Rab8 23. Qc2 Qb7 24. Ne4 a5 25. h4 b4 26. axb4 axb4 27. Qe2 Qd5 28. Ra7 Bf8 29. h5 c3 30. bxc3 bxc3 31. Ra4 c2 32. Kf2 Qb3 33. Raa1 Ba3 34. Nc5 Bxc5 35. dxc5 Rxc5 36. Qe4 Rc4 37. Qe3 Qb4 38. Kg2 Rc3 39. Qf2 Qe4+ 40. Kg1 Rbc8 41. Ra2 Kf8 42. Rb2 Rh3 0-1

[Event "Osijek-ch op"]
[Site "Osijek"]
[Date "2014.02.21"]
[Round "3"]
[White "Vlaisavljevic, Milan"]
[Black "Sulc, Damir"]
[Result "0-1"]
[WhiteElo "2033"]
[BlackElo "2224"]
[PlyCount "60"]
[EventDate "2014.02.20"]
[EventType "swiss"]
[EventRounds "7"]
[EventCountry "CRO"]
[SourceTitle "CBM 159 Extra"]
[Source "ChessBase"]
[SourceDate "2014.04.24"]
[SourceVersion "1"]
[SourceVersionDate "2014.04.24"]
[SourceQuality "1"]

1. d4 Nf6 2. c4 e6 3. Nc3 Bb4 4. Qc2 d6 5. Bg5 Nbd7 6. Nf3 b6 7. g3 Bb7 8. Bg2 0-0 9. 0-0 Bxc3 10. Qxc3 Ne4 11. Bxd8 Nxc3 12. Bxc7 Nxe2+ 13. Kh1 Rfc8 14. Bxd6 Rxc4 15. Rad1 Rd8 16. Ne5 Bxg2+ 17. Kxg2 Rc2 18. Be7 Re8 19. Ba3 Nb8 20. d5 f6 21. Nf3 e5 22. Rd2 Rxd2 23. Nxd2 Rd8 24. d6 Nc6 25. Nb1 Kf7 26. Re1 Ned4 27. Nc3 Ke6 28. f4 Nc2 29. Re2 N6d4 30. Rf2 Nxa3 0-1

[Event "Belgrade City-chT"]
[Site "Belgrade"]
[Date "2013.11.12"]
[Round "8"]
[White "Milin, Dragan"]
[Black "Vlaisavljevic, Milan"]
[Result "0-1"]
[WhiteElo "2005"]
[BlackElo "2008"]
[PlyCount "66"]
[EventDate "2013.10.26"]
[EventType "team-tourn"]
[EventRounds "11"]
[EventCountry "SRB"]
[SourceTitle "EXT 2015"]
[Source "ChessBase"]
[SourceDate "2014.11.20"]
[SourceVersion "1"]
[SourceVersionDate "2014.11.20"]
[SourceQuality "1"]

1. d4 d5 2. Nf3 Nf6 3. e3 c6 4. Bd3 Bg4 5. Nbd2 e6 6. 0-0 Be7 7. Qe1 Nbd7 8. h3 Bf5 9. Nh2 0-0 10. f4 Bd6 11. g4 Bxd3 12. cxd3 c5 13. Nhf3 Rc8 14. b3 b5 15. Bb2 c4 16. bxc4 bxc4 17. dxc4 dxc4 18. Rc1 Bb4 19. Bc3 Bxc3 20. Rxc3 Nd5 21. Rxc4 Qa5 22. Qe2 Qxa2 23. Kf2 N7b6 24. Rcc1 Qa3 25. Ra1 Qe7 26. Rfc1 Rxc1 27. Rxc1 Qa3 28. Rc5 Rb8 29. Nc4 Nxc4 30. Rxc4 g6 31. Ne1 Rb2 32. Rc2 Rxc2 33. Nxc2 Qc3 0-1

[Event "Belgrade-chT Quality"]
[Site "Belgrade"]
[Date "2009.10.28"]
[Round "6"]
[White "Nikolic, Dragoslav"]
[Black "Vlaisavljevic, Milan"]
[Result "1-0"]
[WhiteElo "2297"]
[BlackElo "2019"]
[PlyCount "117"]
[EventDate "2009.10.11"]
[EventType "team-tourn"]
[EventRounds "11"]
[EventCountry "YUG"]
[SourceTitle "CBM 133 Extra"]
[Source "ChessBase"]
[SourceDate "2010.01.05"]
[SourceVersion "1"]
[SourceVersionDate "2010.01.05"]
[SourceQuality "1"]

1. e4 c5 2. d3 d6 3. g3 Nc6 4. Bg2 e6 5. f4 Nf6 6. Nf3 Be7 7. c3 0-0 8. Qe2 d5 9. e5 Ne8 10. 0-0 g6 11. a4 Ng7 12. Be3 Bd7 13. Na3 a6 14. Qf2 Rc8 15. Nc2 Nf5 16. Bd2 Na5 17. Ne3 Nb3 18. Ra2 Nxd2 19. Qxd2 Nxe3 20. Qxe3 Qa5 21. c4 b5 22. b3 bxa4 23. bxa4 Rb8 24. Nd2 Bc6 25. cxd5 exd5 26. f5 gxf5 27. Rxf5 Bd7 28. Rh5 Rb6 29. Bxd5 Rg6 30. Be4 Qd8 31. Bf5 Bxf5 32. Rxf5 Bg5 33. Qe4 Bxd2 34. Rxd2 Qb6 35. Rdf2 Qc6 36. Qc4 Re6 37. Rf6 Rb8 38. Qg4+ Kh8 39. Rxf7 Rb1+ 40. Rf1 Rxf1+ 41. Rxf1 Qe8 42. d4 cxd4 43. Qxd4 Qc6 44. Qd8+ Kg7 45. Qf8+ Kg6 46. Qf7+ Kh6 47. Qf4+ Kg7 48. Qf7+ Kh6 49. Rf6+ Rxf6 50. Qxf6+ Qxf6 51. exf6 Kg6 52. Kf2 Kxf6 53. g4 Ke5 54. Ke3 Kd5 55. h4 Ke5 56. a5 h6 57. g5 hxg5 58. hxg5 Kf5 59. Kd4 1-0

[Event "Belgrade-chT Quality"]
[Site "Belgrade"]
[Date "2008.11.09"]
[Round "8"]
[White "Vlaisavljevic, Milan"]
[Black "Tisma, Vladimir"]
[Result "1-0"]
[WhiteElo "2018"]
[BlackElo "2021"]
[PlyCount "108"]
[EventDate "2008.11.01"]
[EventType "team-swiss"]
[EventRounds "11"]
[EventCountry "YUG"]
[SourceTitle "CBM 127 Extra"]
[Source "ChessBase"]
[SourceDate "2009.01.08"]
[SourceVersion "2"]
[SourceVersionDate "2009.01.28"]
[SourceQuality "1"]

1. e4 e6 2. d4 d5 3. Nc3 Bb4 4. e5 Ne7 5. a3 Bxc3+ 6. bxc3 c5 7. Bd3 c4 8. Be2 Bd7 9. Nf3 Ba4 10. 0-0 Nbc6 11. h3 Qd7 12. Nh2 0-0-0 13. f4 h5 14. Bd2 Nf5 15. Rf3 h4 16. Be1 Rdg8 17. Ng4 Qe7 18. Rc1 Kb8 19. Bf1 a6 20. Kh2 Bb5 21. Ra1 Na7 22. a4 Bc6 23. Qb1 Qd7 24. Qb4 Ka8 25. Ne3 Nxe3 26. Rxe3 g5 27. fxg5 Rxg5 28. Rf3 Rf5 29. Be2 Rxf3 30. Bxf3 Nc8 31. a5 Ne7 32. Qb1 Qd8 33. Qc1 Qg8 34. Qf4 Nf5 35. Bg4 Ne7 36. Bd2 Qg6 37. Rf1 Rh7 38. Bd1 Qf5 39. Qxf5 Nxf5 40. Bf4 Ka7 41. Bg4 Ba4 42. Rc1 b6 43. axb6+ Kxb6 44. Bxf5 exf5 45. Bg5 Kc6 46. g3 hxg3+ 47. Kxg3 Kd7 48. h4 Ke6 49. Ra1 Bb5 50. Kf4 Rh5 51. Rg1 Ba4 52. Bf6 Bxc2 53. Ra1 Rh7 54. Rxa6+ Kd7 1-0

[Event "Belgrade-chT Quality"]
[Site "Belgrade"]
[Date "2008.11.06"]
[Round "6"]
[White "Lalic, Mile"]
[Black "Vlaisavljevic, Milan"]
[Result "1-0"]
[WhiteElo "2052"]
[BlackElo "2018"]
[PlyCount "52"]
[EventDate "2008.11.01"]
[EventType "team-swiss"]
[EventRounds "11"]
[EventCountry "YUG"]
[SourceTitle "CBM 127 Extra"]
[Source "ChessBase"]
[SourceDate "2009.01.08"]
[SourceVersion "2"]
[SourceVersionDate "2009.01.28"]
[SourceQuality "1"]

1. e4 e5 2. Nf3 Nc6 3. Bc4 Be7 4. c3 Nf6 5. d4 d6 6. 0-0 0-0 7. d5 Nb8 8. Bd3 Bg4 9. Na3 Nbd7 10. b4 a5 11. Nc2 axb4 12. cxb4 c6 13. Ne3 Bh5 14. Qb3 Bg6 15. Nd2 c5 16. Ba3 b6 17. f3 Qc7 18. Bb5 h6 19. Ndc4 Rab8 20. Qd3 Nh5 21. g3 Nhf6 22. Rf2 Nh5 23. Kg2 Qd8 24. Rb1 Nhf6 25. Rb3 Re8 26. Nd2 h5 1-0